Pueblo de fuertes : (Registro nro. 4520)

000 -CABECERA
campo de control de longitud fija 00847cam a2200241 a 4500
001 - NÚMERO DE CONTROL
campo de control 1922485
003 - IDENTIFICADOR DEL NÚMERO DE CONTROL
campo de control OSt
005 - FECHA Y HORA DE LA ÚLTIMA TRANSACCIÓN
campo de control 20260415160203.0
008 - DATOS DE LONGITUD FIJA--INFORMACIÓN GENERAL
campo de control de longitud fija 860115s1984 ec a j b 000 0 spa
010 ## - NÚMERO DE CONTROL DE LA BIBLIOTECA DEL CONGRESO
Número de control de LC 85177229
020 ## - NÚMERO INTERNACIONAL ESTÁNDAR DEL LIBRO
Número Internacional Estándar del Libro 9978-04-021-8
040 ## - FUENTE DE LA CATALOGACIÓN
Centro catalogador/agencia de origen CENDOC CAAAP
Lengua de catalogación spa
Centro/agencia transcriptor CAAAP
041 ## - CÓDIGO DE LENGUA
Código de lengua del texto/banda sonora o título independiente spa
050 ## - SIGNATURA TOPOGRÁFICA DE LA BIBLIOTECA DEL CONGRESO
Número de clasificación FN 43.S4
Número de documento/Ítem J81
100 1# - ENTRADA PRINCIPAL--NOMBRE DE PERSONA
Nombre de persona Juank, Aijʾ
9 (RLIN) 944
245 10 - MENCIÓN DE TÍTULO
Título Pueblo de fuertes :
Resto del título rasgos de historia shuar para los planteles biculturales de educación media 2 /
Mención de responsabilidad, etc. Aijʾ Juank
260 ## - PUBLICACIÓN, DISTRIBUCIÓN, ETC.
Lugar de publicación, distribución, etc. Sucúa :
Nombre del editor, distribuidor, etc. Sistema de Educación Radiofónica Bicultural Shuar ;
Lugar de publicación, distribución, etc. Quito :
Nombre del editor, distribuidor, etc. Ediciones Abya-Yala,
Fecha de publicación, distribución, etc. 1994.
300 ## - DESCRIPCIÓN FÍSICA
Extensión 318 p. :
Otras características físicas ilustraciones,
Dimensiones 15 x 22 cm.
440 #0 - MENCIÓN DE SERIE/PUNTO DE ACCESO ADICIONAL--TÍTULO
Título Colección Mundo shuar ;
Designación de volumen o secuencia 1
504 ## - NOTA DE BIBLIOGRAFÍA, ETC.
Nota de bibliografía, etc. Incluye referencias bibliográficas.
650 #0 - PUNTO DE ACCESO ADICIONAL DE MATERIA--TÉRMINO DE MATERIA
Término de materia o nombre geográfico como elemento de entrada Indígenas shuar
Subdivisión general Historia
-- Literatura juvenil
9 (RLIN) 945
942 ## - ELEMENTOS DE PUNTO DE ACCESO ADICIONAL (KOHA)
Fuente del sistema de clasificación o colocación
Tipo de ítem Koha Libros
Existencias
Estado de retiro Estado de pérdida Fuente del sistema de clasificación o colocación Estado dañado No para préstamo Localización permanente Ubicación/localización actual Ubicación en estantería Fecha de adquisición Total de préstamos Signatura topográfica completa Fecha visto por última vez Precio válido a partir de Tipo de ítem Koha
          CENTRO DE DOCUMENTACIÓN (CENDOC) CENTRO DE DOCUMENTACIÓN (CENDOC)   04/15/2026   FN 43.S4 J81 04/15/2026 04/15/2026 Libros
Centro de Documentación CAAAP | AV. Manuel González Prada 626, Magdalena del Mar | (51-1) 4615223 Anexo 205 y 209 | cendoc@caaap.org.pe